<?xml version="1.0" encoding="UTF-8"?>
<record
    xmlns:xsi="http://www.w3.org/2001/XMLSchema-instance"
    xsi:schemaLocation="http://www.loc.gov/MARC21/slim http://www.loc.gov/standards/marcxml/schema/MARC21slim.xsd"
    xmlns="http://www.loc.gov/MARC21/slim">

  <leader>00862cam a22002294a 4500</leader>
  <controlfield tag="001">e  10001176 </controlfield>
  <controlfield tag="003">DLC</controlfield>
  <controlfield tag="005">20260227111153.0</controlfield>
  <controlfield tag="008">990524s1896    fr b          000 0 fre  </controlfield>
  <datafield tag="010" ind1=" " ind2=" ">
    <subfield code="a">e  10001176 </subfield>
  </datafield>
  <datafield tag="040" ind1=" " ind2=" ">
    <subfield code="a">DLC</subfield>
    <subfield code="c">DLC</subfield>
  </datafield>
  <datafield tag="042" ind1=" " ind2=" ">
    <subfield code="a">pcc</subfield>
  </datafield>
  <datafield tag="043" ind1=" " ind2=" ">
    <subfield code="a">e-fr---</subfield>
  </datafield>
  <datafield tag="050" ind1="0" ind2="0">
    <subfield code="a">LC2095</subfield>
    <subfield code="b">. S44 1896</subfield>
  </datafield>
  <datafield tag="100" ind1="1" ind2=" ">
    <subfield code="a">S&#xE9;e, Camille,</subfield>
    <subfield code="d">1847-1919.</subfield>
  </datafield>
  <datafield tag="245" ind1="1" ind2="0">
    <subfield code="a">Lyc&#xE9;es et coll&#xE8;ges de jeunes filles :</subfield>
    <subfield code="b">documents, rapports et discours &#xE0; la Chambre des d&#xE9;put&#xE9;s et au S&#xE9;nat : d&#xE9;crets, arr&#xEA;t&#xE9;s, circulaires, etc., tableau du personnel des lyc&#xE9;es et coll&#xE8;ges par ordre d'anciennet&#xE9;, avec carte figurative, pr&#xE9;face et avant-propos /</subfield>
    <subfield code="c">par  Camille S&#xE9;e.</subfield>
  </datafield>
  <datafield tag="246" ind1="3" ind2="0">
    <subfield code="a">Lyc&#xE9;es et coll&#xE8;ges</subfield>
  </datafield>
  <datafield tag="250" ind1=" " ind2=" ">
    <subfield code="a">6. &#xE9;d.</subfield>
  </datafield>
  <datafield tag="260" ind1=" " ind2=" ">
    <subfield code="a">Paris :</subfield>
    <subfield code="b">L. Cerf,</subfield>
    <subfield code="c">1896.</subfield>
  </datafield>
  <datafield tag="300" ind1=" " ind2=" ">
    <subfield code="a">xxxv, 788 p. :</subfield>
    <subfield code="b">col. map ;</subfield>
    <subfield code="c">23 cm.</subfield>
  </datafield>
  <datafield tag="650" ind1=" " ind2="0">
    <subfield code="a">Women</subfield>
    <subfield code="x">Education</subfield>
    <subfield code="z">France.</subfield>
  </datafield>
  <datafield tag="999" ind1=" " ind2=" ">
    <subfield code="c">19007</subfield>
    <subfield code="d">19007</subfield>
  </datafield>
</record>
